ICT : (Record no. 3392)

000 -LEADER
fixed length control field 00280nam a22001097a 4500
008 - FIXED-LENGTH DATA ELEMENTS--GENERAL INFORMATION
fixed length control field 151007b xxu||||| |||| 00| 0 eng d
020 ## - INTERNATIONAL STANDARD BOOK NUMBER
International Standard Book Number 9789987080748.
082 ## -
Classification number 005.8 MAM
100 ## - MAIN ENTRY--PERSONAL NAME
Personal name MAMBI ADAM J.
245 ## - TITLE STATEMENT
Title ICT :
Remainder of title LAW BOOK
260 ## - PUBLICATION, DISTRIBUTION, ETC. (IMPRINT)
Place of publication, distribution, etc. DAR-ES-SALAAM:
Name of publisher, distributor, etc. MKUKI NA NYOTA,
Date of publication, distribution, etc. 2010.
Holdings
Withdrawn status Lost status Source of classification or shelving scheme Damaged status Koha normalized classification for sorting Not for loan Home library Current library Shelving location Date acquired Total Checkouts Full call number Barcode Date last seen Price effective from Koha item type
        005_800000000000000_MAM Not For Loan Dodoma Dodoma Ground Floor 07/10/2015   005.8 MAM 000000011641 29/07/2019 07/10/2015 BOOKS

IRDP © 2019 :: Managed by IRDP ICT Unit